000 01214nam2a22002531 4500
001 RU\NLR\INFOCOMM5\1000323800
005 20250617153614.0
035 _a(NLR Aleph) 002749823
090 _a2131163
_c2131163
100 _a20040312d1977 |||y0rusy50 ca
101 0 _arus
102 _aRU
105 _ay |||||||||
200 1 _aОлистостромовые толщи и офиолитовые покровы Малого Кавказа
_fС.Д. Соколов
210 _d1977
_aБ. м.
461 0 _1001RU\NLR\INFOCOMM5\1000323499
_12001#$aТруды Геологического института$fАкад. наук СССР$vВып.296
_93070858
_aГеологический институт (Москва)
_cМ.
_d1956-
_fАкад. наук СССР
_nИзд-во Акад. наук СССР
_tТруды Геологического института
_x0002-3272
_vВып.296
700 1 _4070
_7ca
_8rus
_aСоколов
_bС. Д.
_cд-р геол.-минерал. наук
_f1943-
_gСергей Дмитриевич
_9255302
_3RU\NLR\AUTH\770255358
801 1 _aRU
_bInfoComm
_c20040312
801 0 _aRU
_bNLR
_gPSBO
852 _aNLR
_jП8/245
942 _cISSUE
980 _aNB
980 _aRUSPER